000 00589pam a2200205 a 4500
020 _c672.00
040 _aMedical College Lib.
041 _aENG
_hENG
082 _a616.075
_bTAY
100 _aTaylor, Robert B..
245 _a10-Minute Diagnosis Manual Symptoms and Sings in the Time-Limited Encounter /
_c
_hTextual Documents
260 _a :
_bLippincott Williams & Wilkins ,
_c2000.
300 _a355 ;
_c
365 _a672.00
653 _aMedicine
_aMedical Science
907 _a8886
930 _a5924
999 _c5923
_d5923